Normal view
MARC view
- Ghassemlooy, Z , Popoola, W , Rajbhandari, S Allah Nawaz, Mian .Justic
Entry Personal Name
001 - CONTROL NUMBER
- control field: 68908
003 - CONTROL NUMBER IDENTIFIER
- control field: NUST
005 - DATE AND TIME OF LATEST TRANSACTION
- control field: 20210628204135.0
008 - FIXED-LENGTH DATA ELEMENTS
- fixed length control field: 210628|| aca||aabn | a|a d
040 ## - CATALOGING SOURCE
- Original cataloging agency: NUST
- Transcribing agency: NUST
100 ## - HEADING--PERSONAL NAME
- Personal name: Ghassemlooy, Z , Popoola, W , Rajbhandari, S Allah Nawaz, Mian .Justic
670 ## - SOURCE DATA FOUND
- Source citation: Work cat.: (NUST): Ghassemlooy, Z , Popoola, W , Rajbhandari, S Allah Nawaz, Mian .Justic, Optical wireless communications , system and channel modelling with matlab, 2013
